000 00545cam a2200205ua 4500
001 1867
008 110811n ii |||gr||||Z||||||asm
040 _cMAIN
082 _a370
100 _aGogoi, Prabhat Ch.,
245 1 _aUchchatara madhyamik prarambhik siksha
_cby Prabhat Ch. Gogoi
250 _a3rd.
260 _aGuahati:
_bAssam book depot,997.
300 _a204p:
_c23cm.
653 _aEducation
653 _aUchchatara madhyamik prarambhik siksha
700 _aDeka, Kandarpa Kr.,
700 _aDeka, Birendra Kr.,
942 _cBK
999 _c1747
_d1747